Rugby 6 Nations 2015 - England/France Squads - Statistics

General Stats
  • This quiz has been taken 84 times
  • The average score is 19 of 46
Answer Stats
Hint Answer % Correct
10 George Ford
79%
8 Billy Vunipola
70%
17 Mako Vunipola
70%
15 Mike Brown
70%
9 Ben Youngs
67%
7 Chris Robshaw
67%
16 Tom Youngs
67%
14 Anthony Watson
63%
13 Jonathan Joseph
62%
3 Dan Cole
60%
2 Dylan Hartley
60%
5 Courtney Lawes
56%
3 Nicolas Mas
52%
2 Guilhem Guirado
51%
15 Scott Spedding
51%
11 Jack Nowell
49%
14 Yoann Huget
47%
6 James Haskell
45%
10 Jules Plisson
42%
13 Gael Fickou
38%
17 Rabah Slimani
38%
6 Thierry Dusautoir
38%
12 Maxime Mermoz
36%
23 Mathieu Bastareaud
34%
9 Sebastien Tillous-Borde
34%
7 Bernard Le Roux
33%
18 Uini Atonio
33%
5 Yoann Maestri
33%
20 Tom Wood
30%
11 Noa Nakaitaci
29%
4 Geoff Parling
27%
21 Richard Wigglesworth
27%
12 Luther Burrell
26%
16 Benjamin Kayser
25%
18 Kieran Brookes
25%
8 Loann Goujon
25%
1 Vincent Debaty
25%
20 Damien Chouly
23%
22 Danny Cipriani
23%
1 Joe Marler
23%
21 Rory Kockott
23%
4 Alexandre Flanquart
22%
22 Remi Tales
22%
23 Billy Twelvetrees
21%
19 Romain Taofifenua
19%
19 Nick Easter
16%
No matching quizzes found
Score Distribution
Percent of People with Each Score
Percentile by Number Answered
Your Score History
You have not taken this quiz